Statistiques concernant Harry Potter (Français & Complet)

Cliquez ici pour prendre le quiz!

Statistiques générales

  • Ce quiz a été pris 91 830 fois
    (89 217 depuis la dernière actualisation)
  • Le résultat moyen est 167 sur 500

Statistiques - réponses

HintRéponse% Correct
PotterHarry
98%
GrangerHermione
97%
WeasleyRon
97%
DumbledoreAlbus
91%
AuteureJ. K. Rowling
90%
Horcruxe n°7 | Personnage PrincipalHarry Potter
89%
McGonagallMinerva
89%
Nombre d'années à Poudlard7
87%
RogueSeverus
87%
Professeur de Defense Contre les Forces du Mal 6 | Professeurs (dans l'ordre des cours)Severus Rogue
87%
JedusorTom
86%
GryffondorGodric
85%
Personnage Principal | Préfete Gryffondor (Promotion Harry)Hermione Granger
85%
Personnage Principal | Préfet Gryffondor (Promotion Harry)Ron Weasley
84%
SerpentardSalazar
84%
Animal de SerpentardSerpent
84%
MalefoyDrago
83%
ChangCho
82%
Animal de SerdaigleAigle
80%
PoufsouffleHelga
79%
Animal de GryffondorLion
79%
Professeurs (dans l'ordre des cours)Miverva McGonagall
79%
SerdaigleRowena
79%
Horcruxe n°6 | Serpent de VoldemortNagini
77%
Livre n°2Harry Potter et la Chambre des Secrets
76%
Horcruxe n°2La Bague des Gaunt
76%
Lieu de vie du BasilicLa Chambre des Secrets
76%
Horcruxe n°4La Coupe de Helga Poufsouffle
76%
Directeur de Poudlard | Directeur de SerpentardSeverus Rogue
74%
Postes de QuidditchAttrapeur
73%
LovegoodLuna
73%
BlackSirius
73%
LestrangeBellatrix
72%
DursleyDudley
72%
Balles de QuidditchLe Vif d'Or
72%
OmbrageDolores
71%
LondubatNeville
71%
Fondateur de PoudlardSalazar Serpentard
71%
PotterJames
70%
Reliques de la MortLa Cape d'Invisibilité
70%
PotterLily
70%
Directrice de Gryffondor | Directrice de PoudlardMinerva McGonagall
70%
Fantôme de GryffondorNick Quasi-Sans-Tête
70%
DursleyPetunia
70%
LupinRemus
70%
Animal de PoufsouffleBlaireau
69%
DiggoryCédric
69%
DelacourFleur
69%
Postes de QuidditchGardien
69%
Livre n°1Harry Potter à l'École des Sorciers
69%
Fondateur de PoudlardGodric Gryffondor
68%
Livre n°4Harry Potter et la Coupe de Feu
68%
Reliques de la MortLa Baguette de Sureau
68%
Fondateur de PoudlardRowena Serdaigle
68%
WeasleyFred
67%
WeasleyGeorge
67%
WeasleyGinny
67%
Livre n°5Harry Potter et l'Ordre du Phénix
67%
Horcruxe n°1Le Journal de Jédusor
67%
MalefoyLucius
67%
Dragon de Hagrid | DragonneauNorbert
67%
Professeurs (dans l'ordre des cours)Pomona Chourave
67%
DursleyVernon
67%
Professeurs (dans l'ordre des cours)Filius Flitwick
66%
Livre n°7Harry Potter et les Reliques de la Mort
66%
Fondateur de PoudlardHelga Poufsouffle
66%
HagridRubeus
66%
WeasleyArthur
65%
Postes de QuidditchBatteur
65%
Livre n°6Harry Potter et le Prince de Sang Mêlé
65%
Fantôme de SerpentardLe Baron Sanglant
65%
Horcruxe n°5Le Diadème de Rowena Serdaigle
65%
Directeur de PoudlardAlbus Dumbledore
64%
FlitwickFilius
64%
Balles de QuidditchLe Cognard
64%
WeasleyMolly
64%
FlamelNicolas
64%
WeasleyPercy
64%
PettigrowPeter
64%
ConciergeArgus Rusard
63%
LockhartGilderoy
63%
Livre n°3Harry Potter et le Prisonnier d'Azkaban
63%
CoursPotions
63%
Couleurs de GryffondorRouge et Or
63%
KrumViktor
63%
WeasleyBill
62%
École de MagiePoudlard
62%
Horcruxe n°3Le Médaillon de Salazar Serpentard
61%
MalefoyNarcissa
61%
DuboisOlivier
61%
Professeur de Defense Contre les Forces du Mal 5Dolores Ombrage
60%
ChouravePomona
60%
WeasleyCharlie
59%
Professeur de Defense Contre les Forces du Mal 3Remus Lupin
59%
MaugreyAlastor
58%
CoursDéfense Contre les Forces du Mal
58%
InfirmièrePoppy Pomfresh
58%
Postes de QuidditchPoursuiveur
58%
Harry Potter | James PotterCerf
57%
Dolores Ombrage | Minerva McGonagall | Minerva McgonagallChat
57%
CoursDivination
57%
Reliques de la MortLa Pierre de Résurrection
57%
Balles de QuidditchLe Souaffle
57%
CoursMétamorphose
57%
Couleurs de SerpentardVert et Argent
57%
Sirius BlackChien
56%
Ron WeasleyJack Russel Terrier
56%
Elfe des Malefoy, ami de HarryDobby
55%
TonksNymphadora
55%
FinniganSeamus
55%
SlughornHorace
54%
Fantôme de SerdaigleLa Dame Grise
54%
CoursVol
54%
KarkaroffIgor
53%
Couleurs de PoufsouffleJaune et Noir
53%
PatilPadma
53%
PatilParvati
53%
Peter PettigrowRat
53%
Prison des SorciersAzkaban
52%
Directeur de SerdaigleFilius Flitwick
51%
ParkinsonPansy
51%
SkeeterRita
51%
Professeurs (dans l'ordre des cours)Rubeus Hagrid
51%
Hippogriffe de HagridBuck
50%
Fantôme de PoufsouffleLe Moine Gras
50%
CoursSortilèges
50%
Vrai nom de VoldemortTom Elvis Jedusor
50%
DumbledoreAbelforth
49%
Directrice de PoufsoufflePomona Chourave
49%
RusardArgus
48%
Professeur de Defense Contre les Forces du Mal 2Gilderoy Lockhart
48%
Chouette de HarryHedwige
48%
LovegoodXenophilius
48%
Professeur de Defense Contre les Forces du Mal 4Alastor Maugrey
47%
Lily Evans | Severus RogueBiche
47%
CoursBotanique
47%
FudgeCornelius
47%
Rat de RonCroûtard
46%
Hermionne GrangerLoutre
46%
Araignée de HagridAragog
45%
Préfet Serpentard (Promotion Harry)Drago Malefoy
45%
Professeur Remplacent PotionsHorace Slughorn
45%
CrabbeVincent
45%
DumbledoreAriana
44%
Sortilège Impardonable (Mort)Avada Kedavra
44%
CriveyColin
44%
Centaure Professeur | Professeur Suppléant DivinationFirenze
44%
JordanLee
44%
TrelawneySibylle
44%
Individu né sorcier mais ne pouvant pratiquer la magieCracmol
43%
Banque des SorciersGringotts
43%
BrownLavande
43%
Lieu de vie des WeasleyLe Terrier
43%
CoursSoins aux Créatures Magiques
43%
DiggoryAmos
42%
Autre école du Tournoi des Trois SorciersBeauxbâtons
42%
ThomasDean
42%
Directrice de PoudlardDolores Ombrage
42%
GoyleGregory
42%
Partisants de VoldemortMangemorts
42%
Chat de HermionePattenrond
42%
Esprit Frappeur de PoudlardPeeves
42%
Train menant les élèves à PoudlardPoudlard Express
42%
Professeurs (dans l'ordre des cours)Rolanda Bibine
42%
JohnsonAngelina
41%
AbbotHannah
41%
Rue magique à LondresLe Chemin de Traverse
41%
TonksTed
41%
Couleurs de SerdaigleBleu et Bronze
40%
SerdaigleHelena
40%
BellKatie
40%
PotterAlbus Severus
39%
CoursHistoire de la Magie
39%
Chat de RusardMiss Teigne
39%
Société secrète fondée par DumbledoreOrdre du Phénix
39%
Lieu d'entraînement de l'Armée de DumbledoreSalle sur Demande
39%
Professeurs (dans l'ordre des cours)Sibylle Trelawney
39%
LondubatAlice
38%
Danlmur | MacmillanErnie
38%
GreybackFenrir
38%
Village de SorciersPré-au-Lard
38%
Professeur de Defense Contre les Forces du Mal 1Quirinus Quirrell
38%
CoursAstronomie
37%
Bus permettant aux sorciers de voyagerMagicobus
37%
CoursArithmancie
36%
Sortilège Impardonable (Torture)Doloris
36%
Gouvernement des SorciersMinistère de la Magie
36%
MaximeOlympe
36%
BlackRegulus
36%
TourdesacBathilda
35%
CoursÉtude des Moldus
35%
GrindelwaldGellert
35%
BibliothécaireIrma Pince
35%
PomfreshPoppy
35%
Sortilège d'AttractionAccio
34%
Ginny WeasleyCheval
34%
Autre école du Tournoi des Trois SorciersDurmstrang
34%
DelacourGabrielle
34%
Préfete Serpentard (Promotion Harry)Pansy Parkinson
34%
Albus DumbledorePhénix
34%
WeasleyRose
34%
Chien à trois têtesTouffu
34%
Sortilège de DéverrouillageAlohomora
33%
Créature se transformant selon les peurs de chacunÉpouvantard
33%
Bryce | LondubatFrank
33%
Sortilège Impardonable (Contrôle)Imperium
33%
QuirrellQuirinus
33%
Phénix de DumbledoreFumseck
32%
Gare de Londres où se trouve la voie 9 3/4aKing's Cross
32%
ShackleboltKingsley
32%
LupinTeddy
32%
Adresse des Dursley4, Privet Drive
31%
DolohovAntonin
31%
McLaggenCormac
31%
Finch-FletchleyJustin
31%
Maison la plus hantée de Grande-BretagneLa Cabane Hurlante
31%
Rue magique malfaméeL'Allée des Embrumes
31%
Nymphadora TonksLoup
31%
FletcherMondingus
31%
de Mimsy-PorpingtonNicholas
31%
Crapaud de NevilleTrevor
31%
CarrowAmycus
30%
ZabiniBlaise
30%
Lieu de vie des parents de HarryGodric's Hollow
30%
Elfe des BlackKreattur
30%
Luna LovegoodLièvre
30%
Sortilège de LumièreLumos
30%
Rita SkeeterScarabée
30%
Auberge sur cette rueLe Chaudron Baveur
29%
DursleyMarjorie
29%
DeauclairePénélope
29%
DumbledorePerceval
29%
RocadeStan
29%
Professeur Suppléant Soins aux Créatures MagiquesWilhelmina Gobe-Planche
29%
CarrowAlecto
28%
Chien de HagridCrockdur
28%
PotterJames Sirius
28%
Bar dans cette villeLes Trois Balais
28%
PotterLily Luna
28%
Belby | FlintMarcus
28%
Professeur de Defense Contre les Forces du Mal 7Amycus Carrow
27%
Objet décidant de la maison de chaque élève à PoudlardChoixpeau Magique
27%
Professeurs (dans l'ordre des cours)Cuthbert Binns
27%
BibineRolanda
27%
ScrimgeourRufus
27%
Hôpital des SorciersSainte-Mangouste
27%
Maléfice de StupéfixionStupéfix
27%
CoursÉtude des Runes
26%
PeverellIgnotus
26%
MalefoyScorpius
26%
Nom complet de DumbledoreAlbus Perceval Wulfric Brian Dumbledore
25%
WeasleyHugo
25%
BonesSusan
25%
Sortilège de LévitationWingardium Leviosa
25%
Magasin de magie noireBarjow et Beurk
24%
PinceIrma
24%
Lieu de vie de Bill et FleurLa Chaumière aux Coquillages
24%
Elfe des Croupton, amie de DobbyWinky
24%
SpinnetAlicia
23%
FiggArabella
23%
DogeElphias
23%
Hibou des WeasleyErrol
23%
Autre bar de cette villeLa Tête de Sanglier
23%
HopkrikMafalda
23%
Magasin de baguettes magiquesOllivanders
23%
CrochueBertie
22%
GobelinGripsec
22%
Sortilège du PatronusSpero Patronum ou Expecto Patronum
22%
Téléportation des sorciersTransplanage
22%
Professeurs (dans l'ordre des cours)Aurora Sinistra
21%
DumbledoreKendra
21%
GauntMérope
21%
BulstrodeMillicent
21%
Farces et AttrapesZonko
21%
GoldsteinAnthony
20%
SinistraAurora
20%
CrouptonBarty Junior
20%
Hibou de RonCoquecigrue
20%
BinnsCuthbert
20%
Sortilège de DésarmementExpelliarmus
20%
Préfet Poufsouffle (Promotion Harry)Hannah Abbot
20%
VerpeyLudovic
20%
GauntMarvolo
20%
LestrangeRodolphus
20%
Nombre de membres Armée de Dumbledore28
19%
TonksAndromeda
19%
Autre Centaure connuBane
19%
BurbageCharity
19%
CriveyDennis
19%
OllivanderGarrick
19%
Annule le sortilège de lumièreNox
19%
MétamorphomageNymphadora Tonks
19%
Sortilège de RéductionReducto
19%
Sortilège de RéparationReparo
19%
Vrai nom de Nick Quasi-Sans-TêteSir Nicholas de Mimsy-Porpington
19%
Directeur de PoudlardArmando Dippet
18%
CrouptonBarty Senior
18%
Préfete Serdaigle (Promotion Harry)Padma Patil
18%
WeasleyVictoire
18%
Fait apparaître un jet d'eauAguamenti
17%
GreengrassAstoria
17%
Préfete Poufsouffle (Promotion Harry)Ernie Macmillan
17%
LibrairieFleury et Bott
17%
ConfiserieHoneydukes
17%
Gobe-PlancheWilhelmina
17%
Exception aux lois de GampArgent
16%
LondubatAugusta
16%
Arthur WeasleyBelette
16%
Charme du BouclierProtego
16%
VaneRomilda
16%
Adresse de la famille Black12, Square Grimmaurd
15%
Cho ChangCygne
15%
DiggleDedalus
15%
RosierEvan
15%
Argent des sorciers (3 pièces)Gallion, Mornille, Noise
15%
Répare les lunettesOculus Reparo
15%
NottTheodore
15%
RuncornAlbert
14%
Boursouflet de GinnyArnold
14%
JorkinsBertha
14%
Abelforth DumbledoreBouc
14%
Professeurs (dans l'ordre des cours)Charity Burbage
14%
WeasleyFred Junior
14%
Hibou de PercyHermès
14%
EdgecombeMarietta
14%
CornerMichael
14%
GauntMorfin
14%
Sortilège d'amnésieOubliettes
14%
Seamus FinnigamRenard
14%
BootTerry
14%
Son nom après la mort de SiriusVentdebout
14%
BonesAmelia
13%
Augmente la taille d'un objetAmplificatum
13%
GreengrassDaphné
13%
Magasin des WeasleyFarces pour Sorciers Facétieux
13%
Kingsley ShackleboltLynx
13%
WeasleyMolly Junior
13%
Maléfice du SaucissonPetrificus Totalus
13%
BlackPhineas Nigellus
13%
Ernie MacMillanSanglier
13%
Crée de profondes entailles sur le corps de l'adversaireSectumsempra
13%
Professeurs (dans l'ordre des cours)Septima Vector
13%
ThicknessPius
12%
Préfet Serdaigle (Promotion Harry)Anthony Goldstein
11%
RookwoodAugustus
11%
WeasleyDominique
11%
GlacierFlorian Fortarôme
11%
SmithHepzibah
11%
Fait apparaître un feuIncendio
11%
Ville des DursleyLittle Whinging
11%
WeasleyLouis
11%
Directeur de PoudlardPhineas Nigellus Black
11%
CattermoleReginald
11%
VectorSeptima
11%
PeverellAntioch
10%
PeverellCadmus
10%
PrinceEileen
10%
MidgenÉloïse
10%
PrewettFabian
10%
Soulève la personne dans les airsLevicorpus
10%
Adresse de Severus RogueL'Impasse du Tisseur
10%
Magasin de Prêt-à-porterMadame Guipure
10%
Exception aux lois de GampNourriture
10%
BlackOrion
10%
LestrangeRabastan
10%
DaviesRoger
10%
WeasleyRoxanne
10%
SmithZacharias
10%
Exception aux lois de GampAmour
9%
Groupe chantant au bal de NoëlBizarr' Sisters
9%
CrockfordDoris
9%
Permet d'annuler certains sortilègesFinite
9%
PrewettGideon
9%
DawlishJohn
9%
WeasleyLucy
9%
WeasleyMuriel
9%
Autre Prison de SorciersNurmengard
9%
Sert à vaincre les épouvantardsRiddikulus
9%
RogueTobias
9%
PuceyAdrian
8%
Fait apparaître des petits oiseauxAvis
8%
Professeurs (dans l'ordre des cours)Bathsheba Babbling
8%
WeasleyBilius
8%
Sortilège de ConfusionConfundo ou confundus
8%
Sortilège d'ExpulsionExpulso
8%
Elfe de Hepzibah SmithHokey
8%
SloperJack
8%
Sert à pénétrer l'esprit de quelqu'unLegilimens
8%
Lieu de vie des JedusorLittle Hangleton
8%
Lieu où Tom Jedusor a grandiOrphelinat Wool
8%
Salon de ThéPieddodu
8%
Crée un PortoloinPortus
8%
Fait sortir un serpent de sa baguetteSerpensortia
8%
Sortilège de MutismeSilencio
8%
Exception aux lois de GampVie
8%
BlackWalburga
8%
Ralentit la chute de quelqu'unAresto Momentum
7%
BabblingBathsheba
7%
Colle la langue de la personne à son palaisBloclang
7%
Provoque une explosionBombarda Maxima
7%
Verrouille les portesCollaporta
7%
DerwentDilys
7%
VanceEmmeline
7%
Soigne les blessures mineuresEpiskey
7%
JonesHestia
7%
Permet d'immobiliser des individus en mouvementImmobilus
7%
Ordonne à des petits oiseaux d'attaquerOppugno
7%
PolkissPiers
7%
Réveille les Statues et ArmuresPiertotum Locomotor
7%
Provoque chez la cible une envie de rireRictusempra
7%
Augmente la puissance de la voixSonorus
7%
PodmoreSturgis
7%
Transforme un animal en coupe ou en gobeletVera Verto
7%
Permet d'éviter de se faire entendreAssurdiato
6%
GobelinBogrod
6%
Directrice de PoudlardDilys Derwent
6%
CresswellDirk
6%
AbercrombieEuan
6%
Neutralise tous les sortilèges alentoursFinite Incantatem
6%
PeakesJimmy
6%
Chef des CentauresMagorian
6%
Fait apparaître la Marque des TénèbresMorsmordre
6%
Sert à nettoyer un lieu donnéRécurvite
6%
Libère les voies respiratoiresAnapneo
5%
KirkeAndrew
5%
Repousse les araignéesAragna Exumaï
5%
BeurkCaractacus
5%
Maléfice ExplosifConfringo
5%
RobinsDemelza
5%
Découpe, Tranche, OuvreDiffindo
5%
Magasin de chouettes et hibouxEeylops
5%
Contre-sort du Sortilège de StupéfixionEnervatum
5%
Crée une copie de l'objet viséGemino
5%
MarchebankGriselda
5%
JonesGwenog
5%
Exception aux lois de GampInformation
5%
Contre-sort du précedentLiberacorpus
5%
Crée un lumière semblable au soleilLumos Solem
5%
BrûlopotSilvanus
5%
MacnairWalden
5%
Permet d'effectuer un bond énormeAscensio
4%
MorozBroderick
4%
MontagueCraig
4%
Magasin d'objets magiquesDerviche et Bang
4%
Ouvre le passage de la Sorcière BorgneDissendium
4%
Change en pierre l'objet viséDuro
4%
Sortilège de DisparitionEvanesco
4%
TêtenjoyGalatea
4%
Transforme un escalier en tobogganGlisseo
4%
GobelinGornuk
4%
Révèle la présence d'êtres humains dans un lieuHominum Revelio
4%
Arrête ou ralentit la cibleImpedimenta
4%
Permet de ligoter son adversaireIncarcerem
4%
Fait lâcher prise, ouvre des liens,...Lashlabask
4%
Sert à déplacer ses valises, ses affaires,...Locomotor Barda
4%
Sert à déplacer un corps par lévitationMobilicorpus
4%
Fait apparaître un bouquet de fleursOrchideus
4%
CooteRichie
4%
AckerleyStewart
4%
EskivdurWilbert
4%
Révèle les écritures invisiblesAparecium
3%
Sortilège de TerrassementDefodio
3%
Permet de monter une tente, un chapiteau,...Erigo
3%
Maintien une personne dans les airsExpedimenta
3%
Maléfice du Bloque-JambesLocomotor Mortis
3%
Sert à arrêter les lutin de CornouaillesMutinlutin Malinpesti
3%
Envoie une lumière rouge dans le cielPericulum
3%
Révèle le dernier sort jeté par une baguettePrior Incanto
3%
Repousse les MoldusRepello Moldum
3%
Protèges des maléfices et rend invisibleSalveo Maleficia
3%
Annule le précédentSurdinam
3%
RowleThorfinn
3%
Referme les plaies profondesVulnera Sanentur
3%
TycrossWilkie
3%
Rend mou n'importe quel solideBrakium Emendo
2%
Prévient d'une intrusion dans le périmètre protégéCave Inimicum
2%
Permet d'ouvrir un coffre en détournant la serrureCistem Aperio
2%
Projette la personne en arrièreEverte Statis
2%
Fait apparaître et disparaître un objet dans l'Armoire à DisparaîtreHarmonia Nectere Passus
2%
Enflamme l'objet viséLacarnum Inflamare
2%
Crée un passage dans une barrière magiquePartis Temporus
2%
Sorts servant à protéger Poudlard lors de la bataille finaleProtego Maxima, Fianto Duri, Repello Inimicum
2%
Projette un objet dans les airsVolate Ascendere
2%

Distribution des résultats

Percentile par nombre de réponses

% des personnes avec chaque résultat

Votre développement - résultats

Vous n’avez pas pris ce quiz depuis la dernière actualisation